| 000 | 00986nam a22002777a 4500 | ||
|---|---|---|---|
| 005 | 20100805155745.0 | ||
| 008 | 100412t xxu||||| |||| 00| 0 ur d | ||
| 010 | _aUR-7589 | ||
| 020 |
_c30.00 _a8183140351 |
||
| 035 | _aU-6144 | ||
| 037 | _bAl Hasanat Books | ||
| 040 |
_adpl _bur |
||
| 082 | _a270.35 | ||
| 100 |
_aنجمھ خاتون _9616 |
||
| 245 |
_aخلفاے راشدین / _cعزرا شاہد _b |
||
| 246 |
_aKhulfa-E-Rashideen / _bby Najma Khatoon |
||
| 260 |
_a دلّی _bالحسنات بکس _c2009 |
||
| 270 |
_a3004/2, Sir Syed Ahmad Road, Darya Ganj _bNew Delhi _e110002 _k2321845 _malhasanatbooks@rediffmail.com |
||
| 300 |
_a111 ص _b16 س م (pbk) |
||
| 500 | _a | ||
| 600 |
_aکہا نی _9966 |
||
| 600 |
_aStory _9967 |
||
| 700 | _96717 | ||
| 942 |
_2ddc _cUR _h270.35 _mن ج م |
||
| 999 |
_c39556 _d39556 |
||